00506nam a2200121Ia 45000010005000000080041000050820024000461000131000702450124002012600018003259010026003439990015003693222241024s9999 xx 000 0 und d aRD/624.7/R426r/2010 aRepública Dominicana. Secretaría de Estado de Educación. Dirección General de Mantenimiento de infraestructura escolar 0aReparación y acondicionamiento de la "Escuela San José de Cenoví". Distrito Educativo 07-07, Villa Tapia, Salcedo bSalcedoc2010 a5/9/2013 2:50:45 p.m. c8027d8027